| 000 | 00364nam a2200145Ia 4500 | ||
|---|---|---|---|
| 003 | SISC | ||
| 005 | 20191119144437.0 | ||
| 008 | 180205s9999 xx 000 0 und d | ||
| 050 |
_aM 3291 _bSm664 1979 |
||
| 100 | _aSmithpeter, Joann | ||
| 245 |
_cSmithpeter, Michelle _aBlessings to share / |
||
| 260 |
_aUSA _bUSA _c1979 |
||
| 300 | _a42 pages | ||
| 942 |
_2lcc _cBK |
||
| 999 |
_c354822 _d354822 |
||